000 00678nam a2200253Ia 4500
003 OSt
005 20220916110927.0
006 a|||||r|||| 00| 0
007 ta
008 220915b |||||||| |||| 00| 0 eng d
024 _a3971
037 _cTextbook
040 _beng
_aARTS
_cARTS
041 _aeng
082 _a14:2654:N5, K0;K9
100 _aHarris John comp
245 0 _aBooks about Nigeria : A select reading list
250 _a5th
260 _aNigeria
_bIbadann University Press Nigeria
300 _aviii,83p.
_ccm.
650 _aBIBLIOGRAPHY
942 _h14:2654:N5, K0;K9
_cTB
_2CC
999 _c101591
_d101591